مناهج وأساليب تعليم الموهوبين : (رقم التسجيلة. 83048)
[ عرض عادي ]
| 000 -الفاتح | |
|---|---|
| حقل البيانات ثابتة الطول | 01003nam a2200253 4500 |
| 001 - رقم الضبط | |
| رقم الضبط | |
| 003 - محدد رقم الضبط | |
| رقم الضبط | OSt |
| 005 - وقت وتاريخ اخر تعامل مع التسجيلة | |
| رقم الضبط | 20220925104105.0 |
| 008 - عناصر البيانات ثابتة الطول - معلومات عامة | |
| حقل البيانات ثابتة الطول | 150326s2015 jo f 000 0 ara c |
| 020 ## - الرقم الدولى المعيارى للكتب | |
| الرقم الدولى المعيارى للكتاب | 9789957586249 |
| 040 ## - مصدر الفهرسة | |
| وكالة الفهرسة الأصلية | MA-UN |
| لغة الفهرسة | |
| وكالة النسخ | MA-UN |
| 082 04 - رقم تصنيف ديوى العشرى | |
| رقم الطبعة | 21 |
| رقم التصنيف | 371.95 |
| رقم المادة | ق م م |
| 100 1# - المدخل الرئيسى - إسم شخصى | |
| الإسم الشخصى | القمش، مصطفى نوري |
| 245 10 - بيان العنوان | |
| العنوان | مناهج وأساليب تعليم الموهوبين : |
| بقية العنوان | البرامج التربوية للموهوبين / |
| بيان المسئوليه,etc | تأليف مصطفى نوري القمش، فؤاد عيد الجوالده. |
| 250 ## - بيان الطبعة | |
| بيان الطبعة | ط. 1. |
| 260 ## - PUBLICATION, DISTRIBUTION, ETC. (IMPRINT) | |
| مكان الناشر او الموزع | عمان، الأردن : |
| اسم الناشر او الموزع | دار الإعصار العلمي للنشر والتوزيع، |
| تاريخ النشر أو التوزيع | 2015 |
| تاريخ النشر هجري | [1436] |
| 300 ## - الوصف المادى | |
| التعداد | 380 ص. ؛ |
| أبعاد الوعاء | 24 سم. |
| 504 ## - تبصرة ببليوجرافية | |
| تبصرة ببليوجرافية,الخ | يشتمل على قائمة ببليوجرافية. |
| 650 #7 - المدخل الاضافى بالموضوع-مصطلح موضوعى | |
| مصطلح موضوعي أو اسم جغرافي كعنصر مدخل | الطلبة الموهوبون |
| التقسيم الفرعي العام | تعليم |
| 650 #7 - المدخل الاضافى بالموضوع-مصطلح موضوعى | |
| مصطلح موضوعي أو اسم جغرافي كعنصر مدخل | المناهج |
| التقسيم الفرعي العام | تخطيط |
| 700 1# - المدخل الاضافى - اسم شخصى | |
| الإسم الشخصى | الجوالدة، فؤاد عيد |
| 952 ## - LOCATION AND ITEM INFORMATION (KOHA) | |
| نوع المادة فى نظام كوها | كتاب |
| 952 ## - LOCATION AND ITEM INFORMATION (KOHA) | |
| نوع المادة فى نظام كوها | كتاب |
| 952 ## - LOCATION AND ITEM INFORMATION (KOHA) | |
| نوع المادة فى نظام كوها | كتاب |
| 952 ## - LOCATION AND ITEM INFORMATION (KOHA) | |
| نوع المادة فى نظام كوها | كتاب |
| 952 ## - LOCATION AND ITEM INFORMATION (KOHA) | |
| نوع المادة فى نظام كوها | كتاب |
| 952 ## - LOCATION AND ITEM INFORMATION (KOHA) | |
| نوع المادة فى نظام كوها | كتاب |
| 952 ## - LOCATION AND ITEM INFORMATION (KOHA) | |
| نوع المادة فى نظام كوها | كتاب |
| 535 2# - تبصرة موقع الأصول / النسخ | |
| المالك | 3 |
| 942 ## - | |
| -- | ddc |
| -- | BOOK |
| حالة الفقد | نموذج السعر الفعال | حالة تلف | ليس للاعارة | تاريخ الاكتساب | رقم الطلب | تاريخ الاكتساب | الموقع الحالي | الباركود | الفرع الرئيسي | Date last seen | مصدر التصنيف او خطة الترفيف | Total Checkouts |
|---|---|---|---|---|---|---|---|---|---|---|---|---|
| 2022-09-25 | Not For Loan | 2022-09-25 | 371.95 ق م م | 2022-09-25 | CL | 00145083 | المكتبة المركزية بالمجمعة (CL) | 2022-09-25 | Dewey Decimal Classification | |||
| 2022-09-25 | 2022-09-25 | 371.95 ق م م | 2022-09-25 | CL | 00145084 | المكتبة المركزية بالمجمعة (CL) | 2022-09-25 | Dewey Decimal Classification | ||||
| 2022-09-25 | 2022-09-25 | 371.95 ق م م | 2022-09-25 | CL | 00145085 | المكتبة المركزية بالمجمعة (CL) | 2022-09-25 | Dewey Decimal Classification | ||||
| 2022-09-25 | Not For Loan | 2022-09-25 | 371.95 ق م م | 2022-09-25 | EMF | 00145088 | مكتبة مجمع الطالبات بالمجمعة (EMF) | 2022-09-25 | Dewey Decimal Classification | |||
| 2022-09-25 | 2022-09-25 | 371.95 ق م م | 2022-09-25 | EMF | 00145089 | مكتبة مجمع الطالبات بالمجمعة (EMF) | 2022-09-25 | Dewey Decimal Classification | ||||
| 2022-09-25 | Not For Loan | 2022-09-25 | 371.95 ق م م | 2022-09-25 | EZF | 00145086 | مكتبة كلية التربية بالزلفى - طالبات (EZF) | 2022-09-25 | Dewey Decimal Classification | |||
| 2022-09-25 | 2022-09-25 | 371.95 ق م م | 2022-09-25 | EZF | 00145087 | مكتبة كلية التربية بالزلفى - طالبات (EZF) | 2022-09-25 | Dewey Decimal Classification |
